000 00403pab a2200169 454500
008 180718b2015 xxu||||| |||| 00| 0 eng d
100 _aAksoy, Deniz
245 _aTerrorism and the fate of dictators
260 _c2015
300 _ap. 423-468.
362 _aJul
650 _aTerrorism
700 _aWright, Joseph
700 _aCarter, David B.
773 _aWorld Politics
909 _a108813
999 _c108808
_d108808